000 00515nam a2200169 i 4500
001 36365
003 ES-MaACL
005 20230906155344.0
007 t|
008 030218s1932 sp ||||1| spa d
100 1 _aBourget, Paul (
_d1852-1935)
_930991
245 1 3 _aUn divorcio
_b: (novela) /
_cPaul Bourget ; traducción de F. Sarmiento.
260 _aMadrid :
_bBruno del Amo,
_c1932 (
_fImp. de L. Rubio)
300 _a254 p. ;
_c19 cm.
700 1 _aSarmiento, F.
_9103827
852 _aES-MaACL
_jA-675
_bR.10491
999 _c36365
_d36365